Pop Songs About Celebrities - Statistics

General Stats
  • This quiz has been taken 20 times
  • The average score is 4 of 11
Answer Stats
Artist Hint Answer % Correct
Drake Nicknamed as the queen of pop Madonna
70%
Dua Lipa American escapologist and illusionist Houdini
65%
Ice Spice Member of the British royal family Princess Diana
55%
Tiësto Martial artist and actor from Hong Kong Jackie Chan
40%
Azealia Banks Ex-Vogue editor-in-chief Anna Wintour
35%
SZA American actress and talk show host Drew Barrymore
30%
MIKA American actress Grace Kelly
25%
Taylor Swift American singer and actor Tim McGraw
25%
Ariana Grande American actor and comedian Pete Davidson
20%
Duck Sauce American singer Barbra Streisand
15%
Nicki Minaj American model, actress and singer Marilyn Monroe
5%
No matching quizzes found
Score Distribution
Percent of People with Each Score
Percentile by Number Answered
Your Score History
You have not taken this quiz